[Event "AUTO-OPEN-4183"]
[Site "http://www.queenalice.com/game.php?id=1615930"]
[Date "2020.6.9"]
[Round "1"]
[White "Gaberade"]
[Black "Danilo"]
[Result "1-0"]
[WhiteElo "1424"]
[BlackElo "1687"]

1. e4 e5 2. Nf3 d6 3. Bc4 h6 4. d4 a6 5. O-O Nf6 6. Nc3 Be7 7. dxe5 dxe5 8.
Qxd8+ Bxd8 9. Nxe5 O-O 10. Rd1 Be7 11. Nd5 Nxd5 12. Bxd5 c6 13. Bxf7+ Rxf7 14.
Nxf7 Kxf7 15. f4 Bc5+ 16. Kh1 Bg4 17. Rd3 a5 18. f5 Na6 19. Rd7+ Kf6 20. h3 Bh5
21. g4 Be8 22. Rxb7 Rd8 23. Bf4 g5 24. e5# 1-0

[Event "Challenge"]
[Site "http://www.queenalice.com/game.php?id=1616665"]
[Date "2020.6.14"]
[Round "-"]
[White "HolyPhoenix"]
[Black "Gaberade"]
[Result "0-1"]
[WhiteElo "1413"]
[BlackElo "1480"]

1. e4 c5 2. Nf3 d5 3. exd5 Qxd5 4. Nc3 Qe6+ 5. Be2 Nf6 6. O-O Ne4 7. Bb5+ Bd7 8.
Re1 f5 9. d3 Bxb5 10. dxe4 fxe4 11. Ng5 Qf5 12. Nxb5 Na6 13. Qd2 Nb4 14. Nxe4
Rd8 15. Qe2 a6 16. Nbc3 Rd4 17. Ng3 Qxc2 0-1

[Event "Challenge"]
[Site "http://www.queenalice.com/game.php?id=1617277"]
[Date "2020.6.19"]
[Round "-"]
[White "Gaberade"]
[Black "kingdave"]
[Result "0-1"]
[WhiteElo "1484"]
[BlackElo "2289"]

1. d4 d5 2. Nc3 Bf5 3. Bf4 Nf6 4. g3 e6 5. e3 c5 6. dxc5 Bxc5 7. Bxb8 Rxb8 8.
Nf3 O-O 9. Na4 Qa5+ 10. Nc3 Bb4 11. a3 Bxc3+ 12. bxc3 Qxc3+ 13. Qd2 Qxa1+ 14.
Ke2 Bg4 15. Bg2 Qxa3 16. h3 Bxf3+ 17. Bxf3 Rbc8 18. Qc1 Qa2 19. Qa1 Rxc2+ 20.
Kd3 Qc4# 0-1

[Event "Challenge"]
[Site "http://www.queenalice.com/game.php?id=1618082"]
[Date "2020.6.25"]
[Round "-"]
[White "kingdave"]
[Black "Gaberade"]
[Result "1-0"]
[WhiteElo "2279"]
[BlackElo "1493"]

1. e4 c5 2. Nc3 Nc6 3. f4 e6 4. Nf3 Nf6 5. g3 b5 6. Bxb5 a6 7. Ba4 d5 8. Bxc6+
Ke7 9. Bxa8 dxe4 10. Nxe4 Nxe4 11. Bxe4 f5 12. Ne5 fxe4 13. Nc6+ Kd7 14. Nxd8
Kxd8 15. d4 Bd6 16. dxc5 e5 17. Qxd6+ Bd7 18. c6 Kc8 19. Qxd7+ Kb8 20. Qb7# 1-0

[Event "AUTO-INT-3560"]
[Site "http://www.queenalice.com/game.php?id=1619796"]
[Date "2020.7.9"]
[Round "1"]
[White "Wecker"]
[Black "Gaberade"]
[Result "1-0"]
[WhiteElo "1756"]
[BlackElo "1474"]

1. e4 c5 2. c3 d6 3. d4 cxd4 4. Bc4 dxc3 5. Nf3 cxb2 6. Bxb2 Bg4 7. Qd5 Qa5+ 8.
Qxa5 Nc6 9. Qd2 Bxf3 10. gxf3 Nf6 11. Bxf6 exf6 12. Nc3 d5 13. Qxd5 Bb4 14.
Qxf7+ Kd8 15. O-O-O+ Kc8 16. Rd7 Rd8 17. Rc7+ Kb8 18. Rxb7+ Kc8 19. Qc7# 1-0

[Event "AUTO-INT-3560"]
[Site "http://www.queenalice.com/game.php?id=1619797"]
[Date "2020.7.9"]
[Round "1"]
[White "Gaberade"]
[Black "Wecker"]
[Result "0-1"]
[WhiteElo "1452"]
[BlackElo "1800"]

1. e4 d6 2. f4 Nf6 3. f5 Nxe4 4. Qe2 Bxf5 5. d3 Nf6 6. Nh3 e5 7. Bg5 h6 8. Bxf6
Qxf6 9. d4 Nc6 10. dxe5 Nxe5 11. Nc3 c6 12. Nf4 Bxc2 13. g3 Bf5 14. Nh5 Qe7 15.
Nf4 g6 16. Rd1 Bg4 17. Qd2 Nf3+ 18. Kf2 Nxd2 19. Rxd2 Bg7 20. Na4 Qe4 21. Rg1
Qxa4 22. Rxd6 Rd8 23. b3 Qxa2+ 24. Ke3 Rxd6 25. Bd3 Bd4+ 26. Ke4 Bxg1 27. Ne2
Bxe2 28. Bxe2 Qxe2+ 29. Kf4 Rd4# 0-1

[Event "AUTO-INT-3560"]
[Site "http://www.queenalice.com/game.php?id=1619810"]
[Date "2020.7.9"]
[Round "1"]
[White "Walter"]
[Black "Gaberade"]
[Result "1-0"]
[WhiteElo "1643"]
[BlackElo "1469"]

1. e4 e5 2. Bc4 f5 3. Bxg8 Rxg8 4. exf5 Nc6 5. Nc3 Bb4 6. Qh5+ g6 7. Qxh7 Ne7 8.
Nd5 gxf5 9. Nxb4 Rg4 10. Nd5 Nxd5 11. Qh8+ Ke7 12. Qxe5+ Kf8 13. Qxf5+ Nf6 14.
Qxg4 Nxg4 15. Nf3 d5 16. d3 b6 17. h3 Nf6 18. O-O c5 19. Re1 c4 20. Bh6+ Kg8 21.
Bg5 Bf5 22. Nd4 Qd7 23. Bxf6 Re8 24. Rxe8+ Qxe8 25. Kf1 Bg6 26. Re1 Qb8 27. Nc6
Qd6 28. Ne7+ Kf7 29. Nxg6 Kxg6 30. Bd4 Qf4 31. Re6+ Kf5 32. Rf6+ 1-0

[Event "AUTO-INT-3560"]
[Site "http://www.queenalice.com/game.php?id=1619811"]
[Date "2020.7.9"]
[Round "1"]
[White "Gaberade"]
[Black "Walter"]
[Result "0-1"]
[WhiteElo "1460"]
[BlackElo "1652"]

1. d4 d5 2. Nf3 Nf6 3. Bg5 h6 4. Bxf6 exf6 5. e3 Nc6 6. Bb5 Bd7 7. c4 dxc4 8.
Bxc4 Bb4+ 9. Nbd2 O-O 10. O-O Bd6 11. Nh4 Be6 12. Qh5 Bxc4 13. Nxc4 Ne7 14. Nxd6
Qxd6 15. Rac1 Qd5 16. Qg4 c6 17. Rc5 Qe6 18. Qf4 Ng6 19. Nxg6 fxg6 20. Rd1 Qxa2
21. d5 Qxb2 22. dxc6 bxc6 23. Rxc6 a5 24. g4 a4 25. Rd7 a3 26. Qc7 Qb1+ 27. Kg2
g5 28. Rxg7+ Kh8 29. Rh7+ Qxh7 0-1

[Event "AUTO-INT-3560"]
[Site "http://www.queenalice.com/game.php?id=1619820"]
[Date "2020.7.9"]
[Round "1"]
[White "Gaberade"]
[Black "Ricardoabreu"]
[Result "0-1"]
[WhiteElo "1483"]
[BlackElo "1662"]

1. e4 b6 2. d4 e6 3. d5 Bb7 4. Nc3 g6 5. Bb5 a6 6. Bc4 b5 7. Bb3 Nf6 8. dxe6
fxe6 9. Nf3 Nxe4 10. Nxe4 Bxe4 11. Ne5 Bxg2 12. Rg1 Bb7 13. Bg5 Be7 14. Qf3 Bxf3
15. Rg3 Bb7 16. Rd1 Bxg5 17. Rgd3 Bc6 18. Bxe6 d6 19. Nf7 Qf6 20. Nxh8 Qxh8 21.
Re3 Bxe3 22. fxe3 Qxb2 23. Rd2 Qc1+ 24. Ke2 Ke7 25. Bh3 Nd7 26. e4 Rf8 27. Kd3
Rf3+ 28. Kd4 Qxd2# 0-1

[Event "AUTO-INT-3560"]
[Site "http://www.queenalice.com/game.php?id=1619821"]
[Date "2020.7.9"]
[Round "1"]
[White "Ricardoabreu"]
[Black "Gaberade"]
[Result "1-0"]
[WhiteElo "1683"]
[BlackElo "1491"]

1. b3 e5 2. Bb2 f6 3. g3 Nc6 4. Bg2 Bc5 5. e3 f5 6. Bxc6 dxc6 7. Bxe5 Qg5 8.
Bxc7 Qe7 9. Ba5 b6 10. Bc3 Nh6 11. h3 g5 12. Bxh8 g4 13. Bb2 gxh3 14. Rxh3 Ng4
15. Qf3 Qe6 16. a3 Ba6 17. Rxh7 Rd8 18. Rh8+ Kf7 19. Rxd8 Nh2 20. Qh5+ Ke7 21.
Qe8# 1-0

[Event "Challenge"]
[Site "http://www.queenalice.com/game.php?id=1621090"]
[Date "2020.7.22"]
[Round "-"]
[White "Gaberade"]
[Black "kingdave"]
[Result "0-1"]
[WhiteElo "1392"]
[BlackElo "2234"]

1. e4 d5 2. Nc3 d4 3. Nce2 e5 4. Ng3 Bd6 5. Nf3 Nf6 6. Bb5+ Nc6 7. d3 O-O 8. c3
dxc3 9. bxc3 Bd7 10. Ng5 a6 11. Bxc6 Bxc6 12. O-O Qe7 13. Nf5 Qd7 14. h4 h6 15.
Nh3 Rad8 16. Bxh6 gxh6 17. Nxh6+ Kh7 18. Qf3 Kxh6 19. Qxf6+ Kh7 20. Ng5+ Kg8 21.
d4 Qe7 22. Qh6 f6 23. Nf3 Bxe4 24. Nd2 Qh7 25. Qe3 Bc6 26. g3 exd4 27. Qxd4 Rf7
28. Rae1 Rfd7 29. Qxf6 Rf8 30. Qe6+ Kh8 31. f4 Re7 32. Qc4 Rg7 33. Rf3 Qxh4 34.
Ne4 Rxf4 35. Qe6 Rxf3 36. Rf1 Rgxg3+ 37. Nxg3 Qxg3+ 38. Kh1 Qh2# 0-1

[Event "Challenge"]
[Site "http://www.queenalice.com/game.php?id=1632579"]
[Date "2020.11.11"]
[Round "-"]
[White "Gaberade"]
[Black "kingdave"]
[Result "0-1"]
[WhiteElo "1390"]
[BlackElo "2227"]

1. f4 d5 2. Nf3 Nc6 3. g3 Nf6 4. Bg2 Bg4 5. O-O e6 6. h3 Bh5 7. d4 Ne4 8. Ne5
Nxg3 9. Nxc6 bxc6 10. Re1 Qf6 11. Qd3 Nxe2+ 12. Kh2 Nxf4 13. Qg3 Bd6 14. Kh1
Nxg2 15. Qxg2 Bf3 16. Kg1 Bxg2 17. Kxg2 Rb8 18. Rf1 Qg6+ 0-1